01529nam a2200301Ia 450000500170000000800410001702000180005808200150007610000300009124502140012125000220033526400320035730000480038933600270043733700330046433800280049749000250052550000230055050503980057365000520097165000390102365000470106270000310110970000250114094200120116504000350117799900150121220220317001407.0161108s2005 sp a g 000 0 spa  a978843422525104a745.5bM171 aMarti i Garbayo, Mónica10aNúmeros y formasbactividades creativas para la educación infantilctextos y realización de ejercicios Mónica Martí i Garbayo e Isabel Sanz Muelas ; ilustraciones Jairo Ribero ; editor Jesús Araujo aTercera edición 1aBarcelonabParramónc2005 a48 páginasbilustraciones a colorc31 cm. atextobtxt2rdacontent asin mediaciónbn2rdamedia avolumenbnc2rdacarrier aManitas artísticas aIncluye plantillas aTécnicas empleadas -- Orientaciones metodológicas -- Organización del libro -- Números y formas -- Cuenta las bolas -- Encajes -- Títeres -- Ordena los números -- Tamaños -- Móvil de formas -- Cenefas y texturas -- Parejas -- Espirales -- Puzzle -- Dominó -- Geometría táctil -- Dado -- Formas y sombras -- Juego de memoria -- Tres en raya -- Caja de formas -- Plantillas142LEMBaActividades creativas y trabajo en clase 142LEMBaTrabajos manuales (Manuales)142LEMBaArtesanía xEnseñanza elemental 1 aSanz Muelas, Isabel9174781 aRibero, Jairo972042 2ddccBK aCO-BoRNBPbspaerdacCO-BoRNBP c6837d6837